[Event "British Columbia-ch U20"]
[Site "Vancouver CAN"]
[Date "2018.11.10"]
[Round "1.9"]
[White "Zheng, Victor"]
[Black "Luu, Tran Nguyen Khoi"]
[Result "1-0"]
[WhiteElo "1876"]
[BlackElo "1459"]
[PlyCount "71"]
[EventDate "2018.11.10"]
[EventType "swiss"]
[EventRounds "5"]
[EventCountry "CAN"]

1. Nf3 c5 2. g3 Nc6 3. Bg2 e5 4. O-O d5 5. d3 Nf6 6. e4 d4 7. Nh4 Bg4 8. f3 Be6
9. f4 exf4 10. Bxf4 Bd6 11. e5 Nxe5 12. Nf5 Bxf5 13. Bxe5 Bxe5 14. Rxf5 Bd6 15.
Bxb7 Rb8 16. Bc6+ Nd7 17. Qe2+ Qe7 18. Qxe7+ Bxe7 19. Rd5 Kf8 20. Rxd7 Rxb2 21.
Rxa7 Rb8 22. Nd2 Bg5 23. Nc4 g6 24. Ne5 Be3+ 25. Kg2 Kg7 26. Rxf7+ Kh6 27. Ng4+
Kg5 28. h4+ Kh5 29. Nf6+ Kh6 30. Bf3 g5 31. hxg5+ Bxg5 32. Ng4+ Kg6 33. Ne5+
Kh6 34. Rh1+ Bh4 35. Rxh4+ Kg5 36. Rh5# 1-0

[Event "British Columbia-ch U20"]
[Site "Vancouver CAN"]
[Date "2018.11.10"]
[Round "1.10"]
[White "Wu, Nathan"]
[Black "Yang, Brian"]
[Result "0-1"]
[WhiteElo "1429"]
[BlackElo "1775"]
[PlyCount "126"]
[EventDate "2018.11.10"]
[EventType "swiss"]
[EventRounds "5"]
[EventCountry "CAN"]

1. d4 Nf6 2. Bf4 g6 3. Nf3 Bg7 4. e3 O-O 5. h3 c5 6. c3 b6 7. Be2 Bb7 8. O-O d5
9. Nbd2 Nc6 10. a3 Nd7 11. Qa4 e5 12. dxe5 Ncxe5 13. Nxe5 Nxe5 14. Nf3 Re8 15.
Nxe5 Bxe5 16. Bxe5 Rxe5 17. Rfd1 Qe7 18. Bf3 a6 19. Qb3 Qe6 20. Rd2 c4 21. Qc2
a5 22. Rad1 Bc6 23. Rd4 Ra7 24. R1d2 Rd7 25. Qd1 b5 26. e4 dxe4 27. Rxd7 Bxd7
28. Rd6 Qe8 29. Rxd7 exf3 30. Rd8 Re1+ 31. Kh2 Rxd1 32. Rxe8+ Kg7 33. gxf3 Rd2
34. Kg2 Rxb2 35. Rb8 Rb3 36. Rb7 Rxc3 37. Rxb5 Rxa3 38. Rc5 c3 39. Kf1 Ra1+ 40.
Ke2 Ra3 41. Rc7 a4 42. Kd1 Kf6 43. Kc2 Ke6 44. f4 Ra2+ 45. Kxc3 Rxf2 46. Rc4 a3
47. Ra4 a2 48. Kd3 h6 49. Ke3 Rh2 50. Ra6+ Kd5 51. Ra5+ Kc4 52. Ke4 Kb3 53. Ra8
Rxh3 54. Rb8+ Kc2 55. Ra8 Kb2 56. Rb8+ Rb3 57. Ra8 a1=Q 58. Rxa1 Kxa1 59. f5
gxf5+ 60. Kxf5 Rg3 61. Kf6 h5 62. Kxf7 h4 63. Ke6 h3 0-1

[Event "British Columbia-ch U20"]
[Site "Vancouver CAN"]
[Date "2018.11.10"]
[Round "1.11"]
[White "Leong, Ryan"]
[Black "Nasibi, Nima"]
[Result "1-0"]
[WhiteElo "1771"]
[BlackElo "1427"]
[PlyCount "47"]
[EventDate "2018.11.10"]
[EventType "swiss"]
[EventRounds "5"]
[EventCountry "CAN"]

1. d4 Nf6 2. Nf3 e6 3. Bf4 d5 4. e3 c5 5. c3 Nc6 6. Nbd2 a6 7. Bd3 b6 8. O-O
Be7 9. Qe2 Bb7 10. h3 h6 11. Rad1 c4 12. Bc2 a5 13. a4 Nb8 14. Ne5 Nbd7 15.
Ndf3 Nxe5 16. dxe5 Nd7 17. Nd4 Nc5 18. Qg4 g5 19. Bh2 Qd7 20. f4 O-O-O 21. f5
exf5 22. Bxf5 Ne6 23. Nxe6 fxe6 24. Bxe6 1-0

[Event "British Columbia-ch U20"]
[Site "Vancouver CAN"]
[Date "2018.11.10"]
[Round "1.12"]
[White "Zhang, Andy"]
[Black "Madokoro, Aidan"]
[Result "1/2-1/2"]
[WhiteElo "1438"]
[BlackElo "1425"]
[PlyCount "89"]
[EventDate "2018.11.10"]
[EventType "swiss"]
[EventRounds "5"]
[EventCountry "CAN"]

1. Nf3 e6 2. g3 d5 3. d4 f5 4. c4 Nf6 5. Bg2 c6 6. O-O Bd6 7. Nbd2 O-O 8. a3 a5
9. b3 Qe8 10. Rb1 Na6 11. c5 Be7 12. b4 axb4 13. axb4 Nc7 14. Bb2 Qh5 15. h4
Ng4 16. Ne5 Nxe5 17. dxe5 g5 18. hxg5 Qxg5 19. e3 h5 20. Nf3 Qh6 21. Nh4 Bxh4
22. gxh4 Kf7 23. Bf3 Rg8+ 24. Kh2 Ke7 25. Rg1 Rxg1 26. Kxg1 Bd7 27. Kh2 Be8 28.
Ra1 Rxa1 29. Qxa1 Bd7 30. Qg1 Be8 31. Qg5+ Qxg5 32. hxg5 Bg6 33. Kh3 Ne8 34.
Kh4 Ng7 35. Be2 Kd7 36. b5 Kc7 37. Bc3 Kd7 38. Ba5 Kc8 39. Bb6 Kd7 40. Ba7 Kc8
41. bxc6 bxc6 42. Ba6+ Kc7 43. Bb6+ Kd7 44. Ba7 Kc7 45. Be2 1/2-1/2

[Event "British Columbia-ch U20"]
[Site "Vancouver CAN"]
[Date "2018.11.10"]
[Round "1.13"]
[White "Yang, Henry"]
[Black "Chung, Alec"]
[Result "1/2-1/2"]
[WhiteElo "1462"]
[BlackElo "1807"]
[PlyCount "58"]
[EventDate "2018.11.10"]
[EventType "swiss"]
[EventRounds "5"]
[EventCountry "CAN"]

1. d4 Nf6 2. c4 g6 3. Nc3 d5 4. cxd5 Nxd5 5. e4 Nxc3 6. bxc3 Bg7 7. Nf3 O-O 8.
Be3 c5 9. Qd2 Qa5 10. Rc1 Rd8 11. Be2 Nc6 12. d5 Bg4 13. O-O e6 14. c4 Qxd2 15.
Bxd2 Bxf3 16. Bxf3 Nd4 17. Bc3 Rab8 18. Bxd4 Bxd4 19. a4 Rd6 20. Rb1 exd5 21.
exd5 Ra6 22. Bd1 Rf6 23. Rb3 Re8 24. Rf3 Rb6 25. Bb3 Kg7 26. Rb1 Re2 27. Kf1
Re7 28. Re1 Rxe1+ 29. Kxe1 f5 1/2-1/2

[Event "British Columbia-ch U20"]
[Site "Vancouver CAN"]
[Date "2018.11.10"]
[Round "2.1"]
[White "Lehingrat, Callum"]
[Black "Doknjas, Joshua"]
[Result "0-1"]
[WhiteElo "2076"]
[BlackElo "2290"]
[PlyCount "44"]
[EventDate "2018.11.10"]
[EventType "swiss"]
[EventRounds "5"]
[EventCountry "CAN"]

1. d4 Nf6 2. c4 e6 3. g3 Bb4+ 4. Bd2 Be7 5. Bg2 d5 6. Nf3 O-O 7. O-O Nbd7 8.
Qc2 c6 9. Rd1 b6 10. Bf4 Ba6 11. Ne5 Rc8 12. Nc3 Bxc4 13. Nxc4 dxc4 14. Qa4 b5
15. Qxa7 b4 16. Ne4 Nd5 17. Bd6 Bxd6 18. Nxd6 Rc7 19. Qa6 Nb8 20. Qxc4 Qxd6 21.
e4 Nb6 22. Qe2 c5 0-1

[Event "British Columbia-ch U20"]
[Site "Vancouver CAN"]
[Date "2018.11.10"]
[Round "2.2"]
[White "Hemstapat, Andrew"]
[Black "Doknjas, Neil"]
[Result "1-0"]
[WhiteElo "2209"]
[BlackElo "2056"]
[PlyCount "59"]
[EventDate "2018.11.10"]
[EventType "swiss"]
[EventRounds "5"]
[EventCountry "CAN"]

1. e4 c5 2. Nf3 d6 3. d4 cxd4 4. Nxd4 Nf6 5. Nc3 a6 6. Bg5 e6 7. f4 Qb6 8. Nb3
Be7 9. Qf3 Nbd7 10. O-O-O Qc7 11. Bd3 b5 12. Rhe1 Bb7 13. a3 Nc5 14. Kb1 Qb6
15. Qg3 b4 16. axb4 Qxb4 17. Bxf6 gxf6 18. Qg7 Rf8 19. Na2 Qb6 20. Nxc5 dxc5
21. f5 Rb8 22. b3 exf5 23. exf5 Bd5 24. Nc3 Bb7 25. Qg3 Rd8 26. Bb5+ axb5 27.
Rxe7+ Kxe7 28. Qe3+ Qe6 29. fxe6 fxe6 30. Qxc5+ 1-0

[Event "British Columbia-ch U20"]
[Site "Vancouver CAN"]
[Date "2018.11.10"]
[Round "2.3"]
[White "Labelle, Ambroise"]
[Black "Bremner, William"]
[Result "0-1"]
[WhiteElo "1944"]
[BlackElo "2106"]
[PlyCount "66"]
[EventDate "2018.11.10"]
[EventType "swiss"]
[EventRounds "5"]
[EventCountry "CAN"]

1. e4 c6 2. d4 d5 3. e5 c5 4. dxc5 e6 5. a3 Bxc5 6. b4 Bb6 7. Qg4 Ne7 8. Nf3
Ng6 9. Bd3 O-O 10. Bb2 Nd7 11. O-O a5 12. b5 a4 13. c4 Qc7 14. Bxg6 hxg6 15.
Nbd2 Bc5 16. Rac1 Rd8 17. cxd5 exd5 18. e6 Nf8 19. exf7+ Qxf7 20. Ne5 Bxg4 21.
Nxf7 Rdc8 22. Ne5 Be2 23. Rfe1 Bxb5 24. Ndf3 Bb6 25. Nd4 Rxc1 26. Rxc1 Be8 27.
h3 Nd7 28. Re1 Nc5 29. Re3 Rc8 30. Ng4 Nb3 31. Rd3 Bxd4 32. Bxd4 Rc1+ 33. Kh2
Bb5 0-1

[Event "British Columbia-ch U20"]
[Site "Vancouver CAN"]
[Date "2018.11.10"]
[Round "2.4"]
[White "Zhu, Brandon"]
[Black "Zheng, Victor"]
[Result "1-0"]
[WhiteElo "2102"]
[BlackElo "1876"]
[PlyCount "67"]
[EventDate "2018.11.10"]
[EventType "swiss"]
[EventRounds "5"]
[EventCountry "CAN"]

1. e4 c5 2. Nf3 d6 3. d4 cxd4 4. Nxd4 Nf6 5. Nc3 a6 6. Bc4 e6 7. Bb3 Be7 8. g4
h5 9. g5 Ng4 10. h3 Ne5 11. f4 Nec6 12. h4 b5 13. f5 Qb6 14. Be3 e5 15. Nd5
Qa5+ 16. Bd2 Qd8 17. Ne2 Nd7 18. Ng3 Nc5 19. Be3 Bb7 20. Nxh5 Bf8 21. Qg4 Nd4
22. Bxd4 exd4 23. O-O Rc8 24. Rae1 Nxb3 25. axb3 Rxc2 26. f6 Rxh5 27. fxg7 Bxg7
28. Qxh5 Qd7 29. Nf6+ Bxf6 30. Rxf6 Qh3 31. Qxf7+ Kd8 32. Rxd6+ Kc8 33. Qe8+
Kc7 34. Qd8# 1-0

[Event "British Columbia-ch U20"]
[Site "Vancouver CAN"]
[Date "2018.11.10"]
[Round "2.5"]
[White "Yang, Brian"]
[Black "Huang, Patrick"]
[Result "1-0"]
[WhiteElo "1775"]
[BlackElo "2099"]
[PlyCount "67"]
[EventDate "2018.11.10"]
[EventType "swiss"]
[EventRounds "5"]
[EventCountry "CAN"]

1. e4 g6 2. d4 Bg7 3. Nc3 d6 4. Be3 Nf6 5. Qd2 c6 6. Bh6 O-O 7. h4 e5 8. Bxg7
Kxg7 9. O-O-O Nbd7 10. Be2 b5 11. g4 b4 12. g5 bxc3 13. gxf6+ Nxf6 14. Qxc3
Nxe4 15. Qe3 d5 16. dxe5 f5 17. Nh3 Qxh4 18. Rd4 f4 19. Qa3 f3 20. Bxf3 Bxh3
21. Bxe4 Qg5+ 22. Kb1 Qxe5 23. Qxh3 h5 24. Rg1 dxe4 25. Qd7+ Kh6 26. Qxc6 Qf5
27. Rd6 Rg8 28. Rf6 Rac8 29. Qa6 Qg5 30. Rxg5 Kxg5 31. Qd6 h4 32. Rf4 Rc6 33.
Qe5+ Kh6 34. Rxh4# 1-0

[Event "British Columbia-ch U20"]
[Site "Vancouver CAN"]
[Date "2018.11.10"]
[Round "2.6"]
[White "Chung, Alec"]
[Black "Leong, Ryan"]
[Result "1/2-1/2"]
[WhiteElo "1807"]
[BlackElo "1771"]
[PlyCount "42"]
[EventDate "2018.11.10"]
[EventType "swiss"]
[EventRounds "5"]
[EventCountry "CAN"]

1. c4 Nf6 2. Nc3 g6 3. e4 d6 4. g3 Bg7 5. Bg2 O-O 6. Nge2 Nc6 7. d3 e5 8. h3
Be6 9. O-O Qd7 10. Kh2 Nh5 11. g4 Nf6 12. f4 exf4 13. Nxf4 Nd4 14. Nfd5 Bxd5
15. exd5 Rfe8 16. Bg5 Qe7 17. Ne4 Qe5+ 18. Bf4 Qe7 19. Bg5 Qe5+ 20. Bf4 Qe7 21.
Bg5 Qe5+ 1/2-1/2

[Event "British Columbia-ch U20"]
[Site "Vancouver CAN"]
[Date "2018.11.10"]
[Round "2.7"]
[White "Madokoro, Aidan"]
[Black "Yang, Henry"]
[Result "1/2-1/2"]
[WhiteElo "1425"]
[BlackElo "1462"]
[PlyCount "114"]
[EventDate "2018.11.10"]
[EventType "swiss"]
[EventRounds "5"]
[EventCountry "CAN"]

1. c4 e6 2. Nc3 d5 3. cxd5 exd5 4. d4 Nf6 5. Nf3 Bf5 6. Nh4 Bg6 7. Nxg6 hxg6 8.
e3 c6 9. Bd3 Bd6 10. h3 Nbd7 11. Bd2 O-O 12. Qc2 Qe7 13. O-O-O Rfc8 14. Kb1 b5
15. Rhe1 Qf8 16. Qb3 b4 17. Na4 a5 18. Rc1 c5 19. dxc5 Nxc5 20. Nxc5 Bxc5 21.
Qa4 Qd6 22. Red1 Nd7 23. e4 Nb6 24. Qb5 a4 25. exd5 a3 26. b3 Qf6 27. Rc2 Bxf2
28. Rdc1 Rc5 29. Qxb4 Nxd5 30. Qb7 Rac8 31. Bc4 Be3 32. Bxe3 Nxe3 33. Qxf7+ Kh8
34. Qxf6 gxf6 35. Re2 Nxc4 36. bxc4 Rxc4 37. Rxc4 Rxc4 38. Re3 Rf4 39. Rxa3
Rf1+ 40. Kb2 Rf2+ 41. Kb1 Rxg2 42. Rf3 Kg7 43. a4 Rg5 44. Kb2 Ra5 45. Kb3 g5
46. Kb4 Ra8 47. a5 Kg6 48. Kb5 f5 49. a6 g4 50. hxg4 fxg4 51. Rg3 Kf5 52. Kb6
Kf4 53. Rg1 Kf3 54. Kb7 Rh8 55. a7 g3 56. a8=Q Rxa8 57. Kxa8 Kf2 1/2-1/2

[Event "British Columbia-ch U20"]
[Site "Vancouver CAN"]
[Date "2018.11.10"]
[Round "2.8"]
[White "Yang, Jingyun (Ryan)"]
[Black "Zhang, Andy"]
[Result "0-1"]
[WhiteElo "1627"]
[BlackElo "1438"]
[PlyCount "108"]
[EventDate "2018.11.10"]
[EventType "swiss"]
[EventRounds "5"]
[EventCountry "CAN"]

1. e4 c5 2. Nf3 d6 3. Nc3 Nf6 4. Be2 a6 5. O-O e6 6. Re1 Be7 7. d4 cxd4 8. Nxd4
b5 9. Bf3 Bb7 10. e5 Bxf3 11. Qxf3 dxe5 12. Qxa8 exd4 13. Ne4 Nxe4 14. Qxe4 Bf6
15. Bf4 O-O 16. Rad1 Nd7 17. Qc6 Qc8 18. Qxc8 Rxc8 19. c3 Rc4 20. cxd4 Bxd4 21.
Re4 Bxf2+ 22. Kxf2 Rxe4 23. Rxd7 Rxf4+ 24. Ke3 g5 25. Ra7 Ra4 26. a3 b4 27.
axb4 Rxb4 28. Rxa6 Rxb2 29. Kf3 Kg7 30. h3 Rb4 31. Ra5 Kg6 32. Ra8 Rb3+ 33. Kf2
h5 34. Rg8+ Kf6 35. Rh8 h4 36. Ra8 Rb4 37. Ra3 Kf5 38. Kg1 e5 39. Rf3+ Rf4 40.
Re3 Rd4 41. Rf3+ Ke6 42. Kh2 f5 43. Ra3 e4 44. Ra6+ Ke5 45. Ra5+ Kf4 46. Kg1 e3
47. Kf1 Rd1+ 48. Ke2 Rd2+ 49. Kf1 Rf2+ 50. Kg1 Kg3 51. Re5 Rxg2+ 52. Kh1 Re2
53. Rxf5 Re1+ 54. Rf1 Rxf1# 0-1

[Event "British Columbia-ch U20"]
[Site "Vancouver CAN"]
[Date "2018.11.10"]
[Round "2.9"]
[White "Imoo, Joshua"]
[Black "Wang, Daniel"]
[Result "1-0"]
[WhiteElo "1510"]
[BlackElo "1576"]
[PlyCount "47"]
[EventDate "2018.11.10"]
[EventType "swiss"]
[EventRounds "5"]
[EventCountry "CAN"]

1. e4 c5 2. Nc3 Nc6 3. f4 d6 4. Bb5 Bd7 5. Bxc6 Bxc6 6. Nf3 Nf6 7. d3 g6 8. O-O
Bg7 9. Qe1 O-O 10. Qh4 e6 11. f5 exf5 12. Bg5 Re8 13. exf5 d5 14. Nd2 h6 15.
Bxh6 Bxh6 16. Qxh6 Ng4 17. Qh3 Ne3 18. fxg6 fxg6 19. Rf3 Nxc2 20. Qh6 Re6 21.
Rh3 Rf6 22. Rc1 Nd4 23. Re1 g5 24. Qxg5+ 1-0

[Event "British Columbia-ch U20"]
[Site "Vancouver CAN"]
[Date "2018.11.10"]
[Round "2.10"]
[White "Huang, Ryan"]
[Black "Su, Ethan"]
[Result "1/2-1/2"]
[WhiteElo "1571"]
[BlackElo "1471"]
[PlyCount "97"]
[EventDate "2018.11.10"]
[EventType "swiss"]
[EventRounds "5"]
[EventCountry "CAN"]

1. e4 c5 2. Nf3 e6 3. d4 cxd4 4. Nxd4 Nc6 5. Nc3 Nf6 6. Nxc6 bxc6 7. Bd3 Qc7 8.
O-O d5 9. f4 Bc5+ 10. Kh1 O-O 11. e5 Nd7 12. Na4 Bb6 13. b3 Nc5 14. Nxc5 Bxc5
15. Bb2 a5 16. Qh5 g6 17. Qh6 Ba6 18. Bxa6 Rxa6 19. g4 Re8 20. Rf3 Bf8 21. Qh4
h6 22. f5 g5 23. Qh5 c5 24. h4 exf5 25. gxf5 d4 26. hxg5 Qxe5 27. Rb1 Kh7 28.
Qxf7+ Kh8 29. g6 Bg7 30. Qb7 Rf6 31. Rbf1 Re7 32. Qa8+ Rf8 33. Qxa5 Qd5 34. Kg1
Re2 35. R1f2 Rxf2 36. Rxf2 Rxf5 37. Rxf5 Qxf5 38. Qa8+ Bf8 39. Qg2 Qe5 40. a4
Qe3+ 41. Qf2 Qg5+ 42. Kf1 Bg7 43. Qf7 Qe3 44. a5 Qh3+ 45. Kf2 Qe3+ 46. Kg2 Qe2+
47. Qf2 Qg4+ 48. Qg3 Qe2+ 49. Qf2 1/2-1/2

[Event "British Columbia-ch U20"]
[Site "Vancouver CAN"]
[Date "2018.11.10"]
[Round "2.11"]
[White "Luu, Tran Nguyen Khoi"]
[Black "Trenton, Isaac"]
[Result "0-1"]
[WhiteElo "1459"]
[BlackElo "1537"]
[PlyCount "122"]
[EventDate "2018.11.10"]
[EventType "swiss"]
[EventRounds "5"]
[EventCountry "CAN"]

1. e4 c5 2. Nf3 d6 3. d4 cxd4 4. Qxd4 Nc6 5. Bb5 Bd7 6. Bxc6 Bxc6 7. Nc3 Nf6 8.
Bg5 e5 9. Qd3 Be7 10. O-O-O a6 11. Bxf6 gxf6 12. Nh4 Bd7 13. Nd5 Be6 14. Nxe7
Kxe7 15. Rd2 Rc8 16. Rhd1 Rc6 17. g3 Qc7 18. Kb1 Rc8 19. Ng2 Qa5 20. b3 Qa3 21.
Ne3 a5 22. Nd5+ Bxd5 23. Qxd5 a4 24. Qb5 axb3 25. Qxb7+ R8c7 26. Qxb3 Qa5 27.
Rd5 Qa7 28. R1d2 Rb7 29. Rb5 Rxb5 30. Qxb5 Rb6 31. c4 Rxb5+ 32. cxb5 Qa5 33.
Rb2 Qe1+ 34. Kc2 Qxe4+ 35. Kb3 Qd5+ 36. Ka4 Qc4+ 37. Ka5 Qc3+ 38. Rb4 Qd2 39.
a4 Qxf2 40. b6 Qc5+ 41. Rb5 Qc8 42. b7 Qb8 43. Kb6 Kd7 44. a5 e4 45. a6 Qc7+
46. Ka7 e3 47. Ka8 Qc6 48. Ra5 Kc7 49. Ka7 Qb6+ 50. Ka8 e2 51. Ra2 e1=Q 52.
Rc2+ Kd7 53. b8=Q Qxa6+ 54. Qa7+ Qxa7+ 55. Kxa7 Qa1+ 56. Kb6 Qb1+ 57. Ka5 Qxc2
58. Kb4 Kc6 59. Ka3 Qb1 60. g4 Kc5 61. g5 Kc4 0-1

[Event "British Columbia-ch U20"]
[Site "Vancouver CAN"]
[Date "2018.11.10"]
[Round "2.12"]
[White "Qiu, Peter Yong"]
[Black "Wu, Nathan"]
[Result "0-1"]
[WhiteElo "1521"]
[BlackElo "1429"]
[PlyCount "122"]
[EventDate "2018.11.10"]
[EventType "swiss"]
[EventRounds "5"]
[EventCountry "CAN"]

1. e4 d5 2. exd5 Qxd5 3. Nc3 Qd6 4. d3 c6 5. Nf3 Bg4 6. h3 Bh5 7. Be2 Nf6 8. g4
Bg6 9. Nh4 e6 10. Nxg6 hxg6 11. Be3 Nbd7 12. Qd2 Qc7 13. Bf1 Nxg4 14. Bf4 Bd6
15. Bxd6 Qxd6 16. Ne4 Qc7 17. Qb4 c5 18. Qc3 Qe5 19. Qxe5 Ngxe5 20. Nd6+ Ke7
21. Nxb7 Rab8 22. Bg2 g5 23. O-O-O Ng6 24. Na5 Nde5 25. Rhe1 Rbc8 26. Kb1 f6
27. d4 cxd4 28. Rxd4 Nf4 29. Bb7 Rc7 30. Rh1 Rxh3 31. Rxh3 Nxh3 32. f3 Rd7 33.
Rxd7+ Kxd7 34. b4 Ng1 35. c4 Ngxf3 36. Nb3 g4 37. Nc5+ Kc7 38. Bxf3 gxf3 39.
Ne4 Ng4 40. Kc2 f2 41. Ng3 Ne3+ 42. Kd3 f1=Q+ 43. Nxf1 Nxf1 44. a4 g5 45. c5 g4
46. Ke2 Ng3+ 47. Kf2 Nh5 48. b5 g3+ 49. Kg2 e5 50. a5 e4 51. a6 e3 52. Kf1 Nf4
53. c6 Nd5 54. b6+ Nxb6 55. Ke2 g2 56. Kxe3 g1=Q+ 57. Ke4 Qg2+ 58. Kf5 Kxc6 59.
Kxf6 Nd5+ 60. Kf7 Qg5 61. Ke8 Qe7# 0-1

[Event "British Columbia-ch U20"]
[Site "Vancouver CAN"]
[Date "2018.11.10"]
[Round "2.13"]
[White "Nasibi, Nima"]
[Black "Xu, Andrew"]
[Result "0-1"]
[WhiteElo "1427"]
[BlackElo "1516"]
[PlyCount "86"]
[EventDate "2018.11.10"]
[EventType "swiss"]
[EventRounds "5"]
[EventCountry "CAN"]

1. e4 e5 2. Nf3 Nc6 3. Bb5 a6 4. Ba4 Nf6 5. Nc3 d6 6. O-O Be7 7. Re1 b5 8. Bb3
O-O 9. d4 exd4 10. Nxd4 Nxd4 11. Qxd4 Bb7 12. Bg5 c5 13. Qd3 Rc8 14. Nxb5 axb5
15. Qxb5 Qc7 16. Qc4 d5 17. exd5 Bxd5 18. Qh4 Bxb3 19. axb3 Rfe8 20. Re3 Qc6
21. Rae1 Rcd8 22. Bxf6 Bxf6 23. Rxe8+ Rxe8 24. Rxe8+ Qxe8 25. Qc4 Qe1+ 26. Qf1
Qxf1+ 27. Kxf1 Bxb2 28. Ke2 f6 29. Kd3 Bd4 30. f4 Kf7 31. b4 Bg1 32. bxc5 Bxc5
33. Kc4 Bg1 34. h3 Bh2 35. f5 g6 36. g4 h5 37. Kd5 hxg4 38. hxg4 gxf5 39. gxf5
Kg7 40. Ke6 Be5 41. c4 Kh6 42. c5 Kg5 43. c6 Bh2 0-1

[Event "British Columbia-ch U20"]
[Site "Vancouver CAN"]
[Date "2018.11.11"]
[Round "3.1"]
[White "Doknjas, Joshua"]
[Black "Zhu, Brandon"]
[Result "1-0"]
[WhiteElo "2290"]
[BlackElo "2102"]
[PlyCount "77"]
[EventDate "2018.11.10"]
[EventType "swiss"]
[EventRounds "5"]
[EventCountry "CAN"]

1. e4 e5 2. Nf3 Nc6 3. Bc4 Nf6 4. d3 Be7 5. O-O O-O 6. Re1 d6 7. a3 Na5 8. Ba2
c5 9. b4 Nc6 10. bxc5 dxc5 11. Bb2 Bg4 12. Nbd2 Nd7 13. h3 Bxf3 14. Qxf3 Nb6
15. Rab1 Qc7 16. Qg3 Nd4 17. Rbc1 Bd6 18. Qg4 Na4 19. Ba1 Nb5 20. Nc4 Nbc3 21.
Bb3 Kh8 22. f4 f6 23. Qe6 Rad8 24. Bxa4 Nxa4 25. fxe5 Bxe5 26. Nxe5 fxe5 27.
Bxe5 Qf7 28. Qxf7 Rxf7 29. Rf1 Re7 30. Bd6 Re6 31. e5 Nc3 32. Rce1 b6 33. Rf7
h6 34. Bf8 Kg8 35. Ref1 Ne2+ 36. Kh2 Rxe5 37. Rxg7+ Kh8 38. Rxa7 Rg5 39. Be7
1-0

[Event "British Columbia-ch U20"]
[Site "Vancouver CAN"]
[Date "2018.11.11"]
[Round "3.2"]
[White "Bremner, William"]
[Black "Hemstapat, Andrew"]
[Result "1-0"]
[WhiteElo "2106"]
[BlackElo "2209"]
[PlyCount "109"]
[EventDate "2018.11.10"]
[EventType "swiss"]
[EventRounds "5"]
[EventCountry "CAN"]

1. d4 Nf6 2. c4 g6 3. Nc3 Bg7 4. e4 d6 5. Nf3 O-O 6. Be2 e5 7. O-O Nc6 8. d5
Ne7 9. Ne1 Nd7 10. f3 f5 11. Be3 f4 12. Bf2 g5 13. Rc1 Ng6 14. c5 Nf6 15. cxd6
cxd6 16. Nb5 Rf7 17. Qc2 Ne8 18. Nxa7 Bd7 19. Bb5 h5 20. Bxd7 Rxd7 21. Qb3 g4
22. Bb6 Qg5 23. Kh1 Bf8 24. Nd3 Nh4 25. Ne1 Rg7 26. Rc8 Rxc8 27. Nxc8 Kh7 28.
a4 Qg6 29. a5 Nf6 30. Qd3 Qe8 31. Na7 Qg6 32. Nb5 Nd7 33. Nc7 Be7 34. Ne6 Rg8
35. Qe2 Nxb6 36. axb6 Kh8 37. fxg4 hxg4 38. g3 f3 39. Qe3 Ng2 40. Nxg2 fxg2+
41. Kxg2 Rc8 42. Qd3 Bg5 43. Nc7 Qh6 44. Qe2 Qh3+ 45. Kg1 Rg8 46. Ne6 Qh7 47.
Nxg5 Rxg5 48. Rf8+ Kg7 49. Qf2 Qg6 50. Rb8 Qxe4 51. Rxb7+ Kg6 52. Qf7+ Kh6 53.
Qf6+ Kh5 54. Qh8+ Kg6 55. Qh7+ 1-0

[Event "British Columbia-ch U20"]
[Site "Vancouver CAN"]
[Date "2018.11.11"]
[Round "3.3"]
[White "Leong, Ryan"]
[Black "Yang, Brian"]
[Result "0-1"]
[WhiteElo "1771"]
[BlackElo "1775"]
[PlyCount "102"]
[EventDate "2018.11.10"]
[EventType "swiss"]
[EventRounds "5"]
[EventCountry "CAN"]

1. e4 c5 2. Nf3 e6 3. d3 Nc6 4. g3 Nge7 5. Bg2 g6 6. O-O Bg7 7. c3 O-O 8. Be3
d6 9. d4 cxd4 10. Nxd4 Bd7 11. f4 d5 12. e5 f6 13. exf6 Bxf6 14. Na3 Nc8 15.
Nac2 Nb6 16. Nxc6 bxc6 17. Bd4 Qc7 18. Bxf6 Rxf6 19. Qd4 Raf8 20. Ne3 c5 21.
Qd3 h5 22. g4 Kg7 23. gxh5 gxh5 24. Rf3 Rg6 25. Raf1 e5 26. Nxd5 Nxd5 27. Qxd5
Bc6 28. Qxc5 Rxg2+ 29. Kh1 Rf7 30. Qe3 Bxf3 31. Qxf3 Rxb2 32. Qxh5 Qc6+ 33. Rf3
Rb1+ 34. Kg2 Rf6 35. Qxe5 Kf7 36. Qh5+ Rg6+ 37. Kh3 Kg8 38. Rg3 Rxg3+ 39. Kxg3
Rg1+ 40. Kf2 Qc5+ 41. Ke2 Rg2+ 42. Kf3 Qf2+ 43. Ke4 Qe2+ 44. Qxe2 Rxe2+ 45. Kd4
Rxa2 46. c4 Ra5 47. c5 Kf7 48. h4 Ra6 49. Kd5 Ke7 50. f5 Rf6 51. c6 Rxf5+ 0-1

[Event "British Columbia-ch U20"]
[Site "Vancouver CAN"]
[Date "2018.11.11"]
[Round "3.4"]
[White "Zhang, Andy"]
[Black "Huang, Patrick"]
[Result "0-1"]
[WhiteElo "1438"]
[BlackElo "2099"]
[PlyCount "44"]
[EventDate "2018.11.10"]
[EventType "swiss"]
[EventRounds "5"]
[EventCountry "CAN"]

1. Nf3 g6 2. d4 Bg7 3. c4 d6 4. g3 Nf6 5. Nc3 O-O 6. Bg2 c6 7. O-O Nbd7 8. Re1
e5 9. e4 Re8 10. Be3 Ng4 11. Bc1 exd4 12. Nxd4 Qb6 13. Qxg4 Bxd4 14. Qe2 Ne5
15. h3 Be6 16. Qc2 Bxc4 17. Be3 Nd3 18. Na4 Nxe1 19. Qxc4 Qb5 20. Qxb5 cxb5 21.
Rxe1 Bxe3 22. Rxe3 bxa4 0-1

[Event "British Columbia-ch U20"]
[Site "Vancouver CAN"]
[Date "2018.11.11"]
[Round "3.5"]
[White "Trenton, Isaac"]
[Black "Lehingrat, Callum"]
[Result "0-1"]
[WhiteElo "1537"]
[BlackElo "2076"]
[PlyCount "60"]
[EventDate "2018.11.10"]
[EventType "swiss"]
[EventRounds "5"]
[EventCountry "CAN"]

1. d4 Nf6 2. c4 e6 3. Nf3 c5 4. e3 cxd4 5. exd4 d5 6. Nc3 Be7 7. Be3 O-O 8. Be2
b6 9. O-O Bb7 10. b3 Nc6 11. c5 bxc5 12. dxc5 e5 13. Na4 d4 14. Bc1 e4 15. Nd2
Ne5 16. Re1 Qc7 17. Ba3 Rad8 18. Bc4 e3 19. Nf1 exf2+ 20. Kxf2 Nxc4 21. bxc4
Qc6 22. Rxe7 Qxg2+ 23. Ke1 Rfe8 24. c6 Rxe7+ 25. Bxe7 Re8 26. Qxd4 Rxe7+ 27.
Ne3 Qxc6 28. Nc5 Ng4 29. Nxb7 Nxe3 30. Rc1 Nc2+ 0-1

[Event "British Columbia-ch U20"]
[Site "Vancouver CAN"]
[Date "2018.11.11"]
[Round "3.6"]
[White "Doknjas, Neil"]
[Black "Madokoro, Aidan"]
[Result "1-0"]
[WhiteElo "2056"]
[BlackElo "1425"]
[PlyCount "63"]
[EventDate "2018.11.10"]
[EventType "swiss"]
[EventRounds "5"]
[EventCountry "CAN"]

1. e4 e6 2. d4 d5 3. Nc3 Nf6 4. Bg5 Be7 5. e5 Nfd7 6. Bxe7 Qxe7 7. f4 c5 8. Nb5
Qd8 9. Nd6+ Kf8 10. Qh5 g6 11. Qh6+ Kg8 12. Nf3 Nc6 13. O-O-O Qf8 14. Qh4 Ne7
15. g4 h5 16. Ng5 hxg4 17. Qxg4 f5 18. Qg3 Nb8 19. Ndf7 Kg7 20. Nxh8 Qxh8 21.
dxc5 Nbc6 22. h4 Qh5 23. Qg2 Bd7 24. Be2 Qh6 25. h5 Kg8 26. hxg6 Qxg6 27. Bh5
Qg7 28. Bf7+ Kf8 29. Rh7 Nd8 30. Rxg7 Kxg7 31. Nxe6+ Kh7 32. Qg7# 1-0

[Event "British Columbia-ch U20"]
[Site "Vancouver CAN"]
[Date "2018.11.11"]
[Round "3.7"]
[White "Yang, Henry"]
[Black "Labelle, Ambroise"]
[Result "0-1"]
[WhiteElo "1462"]
[BlackElo "1944"]
[PlyCount "120"]
[EventDate "2018.11.10"]
[EventType "swiss"]
[EventRounds "5"]
[EventCountry "CAN"]

1. d4 Nf6 2. c4 e6 3. Nc3 Bb4 4. Qc2 d5 5. Nf3 dxc4 6. e4 b5 7. a4 Bb7 8. e5
Be4 9. Qd1 Nd5 10. Bd2 Bxc3 11. bxc3 c6 12. Be2 h6 13. axb5 cxb5 14. O-O O-O
15. Ne1 Nd7 16. Nc2 N7b6 17. Ne3 Nxe3 18. Bxe3 Qd5 19. f3 Bh7 20. Ra5 Qd7 21.
Qd2 Rfc8 22. Rfa1 Nd5 23. Bf2 b4 24. cxb4 c3 25. Qc1 Nxb4 26. d5 Nxd5 27. Rxa7
Rxa7 28. Rxa7 Qc6 29. Ra5 Ra8 30. Rc5 Qb7 31. Bd4 c2 32. Rxc2 Bxc2 33. Qxc2 Rc8
34. Qe4 Qb4 35. Bd3 Rc1+ 36. Kf2 Qd2+ 37. Kg3 g6 38. Bf2 Qg5+ 39. Qg4 Qxe5+ 40.
f4 Qc3 41. Qf3 Qf6 42. Qe4 Rc3 43. Bd4 Qxf4+ 44. Qxf4 Rxd3+ 45. Qf3 Rxf3+ 46.
Kxf3 f5 47. h4 Kf7 48. g4 Nf6 49. g5 Ng4 50. gxh6 Nxh6 51. Kf4 Ng4 52. h5 gxh5
53. Kg5 e5 54. Bc3 Ke6 55. Kxh5 Kd5 56. Kh4 Ke4 57. Kg3 Ne3 58. Bb2 f4+ 59. Kf2
Nd1+ 60. Kf1 Nxb2 0-1